| 000 -LEADER | |
|---|---|
| fixed length control field | 00262nam a22001217a 4500 |
| 005 - DATE AND TIME OF LATEST TRANSACTION | |
| control field | 20180414130145.0 |
| 008 - FIXED-LENGTH DATA ELEMENTS--GENERAL INFORMATION | |
| fixed length control field | 160513b xxu||||| |||| 00| 0 eng d |
| 041 ## - LANGUAGE CODE | |
| Language code of text/sound track or separate title | eng |
| 082 ## - DEWEY DECIMAL CLASSIFICATION NUMBER | |
| Item number | 1815 |
| Classification number | 346.07 |
| 245 ## - TITLE STATEMENT | |
| Title | Business Law |
| 650 ## - SUBJECT ADDED ENTRY--TOPICAL TERM | |
| Topical Term | Management |
| 942 ## - ADDED ENTRY ELEMENTS (KOHA) | |
| Koha item type | Books |
| Lost status | Damaged status | Collection code | Home library | Current library | Shelving location | Date acquired | Full call number | Accession Number | Koha item type |
|---|---|---|---|---|---|---|---|---|---|
| LAW | JRU Library | JRU Library | SHELF-31-F | 13/05/2016 | 346.07 | 1815 | Books | ||
| LAW | JRU Library | JRU Library | SHELF-31-F | 13/05/2016 | 346.07 | 1816 | Books |